[Event "RUS-chT (Women)"]
[Site "Sochi"]
[Date "2023.05.09"]
[Round "8.2"]
[White "Sudakova, Irina"]
[Black "Borisova, Polina A"]
[Result "1/2-1/2"]
[WhiteElo "2298"]
[BlackElo "1581"]
[PlyCount "106"]
[EventDate "2023.05.01"]
[EventType "team-swiss"]
[EventRounds "9"]
[EventCountry "RUS"]
[SourceTitle "CBM 214 Extra"]
[Source "ChessBase"]
[SourceDate "2023.07.31"]
[SourceVersion "1"]
[SourceVersionDate "2023.07.31"]
[SourceQuality "1"]
[WhiteTeam "Moscow Region (W) II"]
[BlackTeam "Altay Region Kaissa (W)"]
[WhiteTeamCountry "RUS"]
[BlackTeamCountry "RUS"]

1. d4 Nf6 2. Nc3 d5 3. Bg5 e6 4. e4 dxe4 5. Bxf6 gxf6 6. Nxe4 f5 7. Nc3 Bg7 8. Nf3 a6 9. Qd3 Nc6 10. 0-0-0 b6 11. a3 Bb7 12. d5 Ne5 13. Nxe5 Bxe5 14. dxe6 fxe6 15. Qc4 Qf6 16. Qa4+ b5 17. Qb4 Bd6 18. Rxd6 cxd6 19. Bxb5+ axb5 20. Qxb5+ Kf7 21. Qxb7+ Qe7 22. Qf3 Qg5+ 23. Kb1 d5 24. h4 Qg4 25. Qxg4 fxg4 26. Re1 Kf6 27. g3 Rhc8 28. Nd1 h5 29. Ne3 Ra5 30. Rd1 Ke5 31. Ng2 Kf5 32. Rd3 e5 33. b4 Rb5 34. Rb3 d4 35. Kb2 Rb7 36. Ne1 e4 37. b5 Ke5 38. a4 Ra8 39. Rb4 Kd5 40. Ng2 Kc5 41. Kb3 Rd8 42. Rc4+ Kb6 43. c3 d3 44. Ne3 Rf7 45. Nd1 e3 46. Nxe3 Rxf2 47. Rc6+ Kb7 48. a5 d2 49. Rb6+ Ka7 50. Ra6+ Kb7 51. Rb6+ Ka7 52. Ra6+ Kb7 53. Rb6+ Ka7 1/2-1/2

[Event "RUS-chT (Women)"]
[Site "Sochi"]
[Date "2023.05.07"]
[Round "6.1"]
[White "Sudakova, Irina"]
[Black "Voit, Daria"]
[Result "1-0"]
[WhiteElo "2298"]
[BlackElo "2349"]
[PlyCount "101"]
[EventDate "2023.05.01"]
[EventType "team-swiss"]
[EventRounds "9"]
[EventCountry "RUS"]
[SourceTitle "CBM 214 Extra"]
[Source "ChessBase"]
[SourceDate "2023.07.31"]
[SourceVersion "1"]
[SourceVersionDate "2023.07.31"]
[SourceQuality "1"]
[WhiteTeam "Moscow Region (W) II"]
[BlackTeam "Moscow Sbornaya (W)"]
[WhiteTeamCountry "RUS"]
[BlackTeamCountry "RUS"]

1. e4 c6 2. d4 d5 3. e5 Bf5 4. h4 h5 5. Bd3 Bxd3 6. Qxd3 Qa5+ 7. Nd2 e6 8. Ngf3 Ne7 9. 0-0 Nf5 10. a4 Qa6 11. c4 c5 12. Qb1 Qc6 13. dxc5 Bxc5 14. b4 Be7 15. b5 Qd7 16. cxd5 Qxd5 17. Ba3 Nd7 18. Bxe7 Nxe7 19. Qb4 Qc5 20. Qb2 0-0 21. Ne4 Qc4 22. Neg5 Rac8 23. Rfc1 Qf4 24. Rd1 Nc5 25. Qb1 Qf5 26. Rd4 Rfd8 27. Qd1 Rd5 28. Rxd5 Nxd5 29. Nd4 Qxe5 30. Qxh5 Rc7 31. Qh7+ Kf8 32. Rd1 Nxa4 33. Ndf3 Qf6 34. Qe4 Qf4 35. Nxe6+ fxe6 36. Qxe6 Nab6 37. Ng5 Re7 38. g3 Rxe6 39. Nxe6+ Ke7 40. Nxf4 Nc3 41. Re1+ Kf6 42. Re6+ Kf7 43. Re5 Nd7 44. Rf5+ Ke7 45. Rg5 Kf7 46. Nh5 g6 47. Nf4 b6 48. Nxg6 Nc5 49. Ne5+ Kf6 50. Ng4+ Kf7 51. h5 1-0

[Event "RUS-chT (Women)"]
[Site "Sochi"]
[Date "2022.05.08"]
[Round "7.2"]
[White "Sudakova, Irina"]
[Black "Bivol, Alina"]
[Result "1/2-1/2"]
[WhiteElo "2287"]
[BlackElo "2370"]
[PlyCount "68"]
[EventDate "2022.05.01"]
[EventType "team-tourn"]
[EventRounds "9"]
[EventCountry "RUS"]
[SourceTitle "CBM 208 Extra"]
[Source "ChessBase"]
[SourceDate "2022.07.31"]
[SourceVersion "1"]
[SourceVersionDate "2022.07.31"]
[SourceQuality "1"]
[WhiteTeam "Moscow Region (W)"]
[BlackTeam "Moscow Sbornaya (W)"]
[WhiteTeamCountry "RUS"]
[BlackTeamCountry "RUS"]

1. e4 e6 2. d4 d5 3. Bd3 dxe4 4. Bxe4 Nf6 5. Bf3 Nbd7 6. Ne2 Bd6 7. 0-0 0-0 8. Ng3 c6 9. c4 e5 10. Nc3 exd4 11. Qxd4 Ne5 12. Be2 c5 13. Qd1 Nc6 14. Bg5 Be7 15. Bd3 Ne5 16. Nf5 Bxf5 17. Bxf5 Qxd1 18. Raxd1 Nxc4 19. b3 Nd6 20. Bh3 Rfe8 21. Rfe1 Rad8 22. g3 Bf8 23. Rxe8 Rxe8 24. Bf4 Nde4 25. Nxe4 Rxe4 26. Bg2 Re7 27. Bf3 b6 28. Rd8 Re8 29. Rxe8 Nxe8 30. Bb8 Nd6 31. Bxa7 Nc8 32. Bb8 Bd6 33. Bb7 Bxb8 34. Bxc8 Kf8 1/2-1/2

[Event "Speed Chess (Women) Q2"]
[Site "Chess.com INT"]
[Date "2020.06.19"]
[Round "8"]
[White "Gokbulut, Julia"]
[Black "Sudakova, Irina"]
[Result "1-0"]
[WhiteElo "1970"]
[BlackElo "2288"]
[PlyCount "89"]
[EventDate "2020.06.19"]
[EventType "swiss (blitz)"]
[EventRounds "13"]
[EventCountry "USA"]
[SourceTitle "CBM 196 Extra"]
[Source "ChessBase"]
[SourceDate "2020.07.31"]
[SourceVersion "1"]
[SourceVersionDate "2020.07.31"]
[SourceQuality "1"]

1. d4 d5 2. c4 e6 3. Nc3 c6 4. e3 Nf6 5. Nf3 Nbd7 6. b3 Bd6 7. Bb2 0-0 8. Qc2 Qe7 9. Be2 dxc4 10. bxc4 e5 11. h3 b6 12. 0-0 Bb7 13. Ne4 Nxe4 14. Qxe4 exd4 15. Qxd4 Nf6 16. Qh4 Rfd8 17. Ng5 h6 18. Nf3 c5 19. Rad1 Bc7 20. a4 Bc6 21. a5 bxa5 22. g4 a4 23. g5 Nh7 24. gxh6 Qxh4 25. Nxh4 Ng5 26. f4 Ne4 27. hxg7 f6 28. Nf5 Kh7 29. Ne7 Bb7 30. Nf5 Rg8 31. Bd3 Rad8 32. Kh2 Bc6 33. Ng3 Rxd3 34. Rxd3 Nxg3 35. Kxg3 Rxg7+ 36. Kh4 Be4 37. Rd2 Rg6 38. f5 Rh6+ 39. Kg4 Be5 40. Bxe5 fxe5 41. Rd7+ Kg8 42. f6 Rg6+ 43. Kh5 Rg3 44. f7+ Kf8 45. Rd8+ 1-0

[Event "Speed Chess (Women) Q2"]
[Site "Chess.com INT"]
[Date "2020.06.19"]
[Round "12"]
[White "Nurmanova, Alua"]
[Black "Sudakova, Irina"]
[Result "0-1"]
[WhiteElo "2026"]
[BlackElo "2288"]
[PlyCount "96"]
[EventDate "2020.06.19"]
[EventType "swiss (blitz)"]
[EventRounds "13"]
[EventCountry "USA"]
[SourceTitle "CBM 196 Extra"]
[Source "ChessBase"]
[SourceDate "2020.07.31"]
[SourceVersion "1"]
[SourceVersionDate "2020.07.31"]
[SourceQuality "1"]

1. e4 c5 2. Nf3 d6 3. d4 Nf6 4. Nc3 cxd4 5. Nxd4 Nc6 6. Bc4 e6 7. Be3 a6 8. Bb3 Be7 9. Qe2 Na5 10. 0-0-0 Qc7 11. Kb1 b5 12. g4 Nxb3 13. cxb3 Bb7 14. f3 Nd7 15. Rc1 Qa5 16. Bd2 Qd8 17. f4 b4 18. Na4 Nc5 19. Nxc5 dxc5 20. Nf3 0-0 21. Rhd1 Qc7 22. e5 Qc6 23. Ng5 h6 24. Nh3 Qe4+ 25. Qxe4 Bxe4+ 26. Ka1 a5 27. Be3 a4 28. bxa4 Rxa4 29. b3 Ra5 30. Nf2 Bd5 31. Kb2 Rfa8 32. Ra1 f6 33. Nd3 c4 34. bxc4 Bxc4 35. Nc1 Ra3 36. Nb3 fxe5 37. fxe5 Be2 38. Rd7 Bf8 39. h3 Bc4 40. Nc1 Rxe3 41. Rd2 Bd5 42. Nb3 Rxe5 43. Rf1 Re3 44. Rdf2 Bd6 45. Rf7 Be5+ 46. Kb1 Re2 47. Re7 Bxb3 48. Rff7 Re1# 0-1

[Event "Speed Chess (Women) Q2"]
[Site "Chess.com INT"]
[Date "2020.06.19"]
[Round "10"]
[White "Putri, Regita Desyari"]
[Black "Sudakova, Irina"]
[Result "0-1"]
[WhiteElo "1897"]
[BlackElo "2288"]
[PlyCount "60"]
[EventDate "2020.06.19"]
[EventType "swiss (blitz)"]
[EventRounds "13"]
[EventCountry "USA"]
[SourceTitle "CBM 196 Extra"]
[Source "ChessBase"]
[SourceDate "2020.07.31"]
[SourceVersion "1"]
[SourceVersionDate "2020.07.31"]
[SourceQuality "1"]

1. d4 d5 2. c4 e6 3. Nf3 c6 4. Nc3 dxc4 5. a4 Bb4 6. Ne5 b5 7. e3 Nf6 8. axb5 cxb5 9. Bd2 Bxc3 10. Bxc3 0-0 11. Qf3 Qd5 12. Qh3 Bb7 13. f3 Nc6 14. e4 Qd8 15. Nxc6 Bxc6 16. Be2 Qb6 17. d5 exd5 18. Bxf6 gxf6 19. Qg3+ Kh8 20. Qf4 Bb7 21. exd5 Bxd5 22. Rd1 Rad8 23. Kf1 Rfe8 24. h4 Re6 25. h5 Rde8 26. Rd2 b4 27. h6 c3 28. Qg3 Rg8 29. Qxg8+ Kxg8 30. Rxd5 c2 0-1

[Event "Speed Chess (Women) Q2"]
[Site "Chess.com INT"]
[Date "2020.06.19"]
[Round "11"]
[White "Sudakova, Irina"]
[Black "Hng, Mei En Emmanuelle"]
[Result "0-1"]
[WhiteElo "2288"]
[BlackElo "2029"]
[PlyCount "126"]
[EventDate "2020.06.19"]
[EventType "swiss (blitz)"]
[EventRounds "13"]
[EventCountry "USA"]
[SourceTitle "CBM 196 Extra"]
[Source "ChessBase"]
[SourceDate "2020.07.31"]
[SourceVersion "1"]
[SourceVersionDate "2020.07.31"]
[SourceQuality "1"]

1. e4 g6 2. d4 Bg7 3. Nc3 d6 4. Be3 Nf6 5. h3 0-0 6. f4 Nc6 7. e5 dxe5 8. dxe5 Qxd1+ 9. Rxd1 Nd7 10. Nd5 Nb6 11. Nxc7 Rb8 12. Nf3 Bf5 13. c3 Na4 14. Rd2 Rfd8 15. Nd5 Nxb2 16. Rxb2 Rxd5 17. Bc4 Ra5 18. Ng5 e6 19. g4 b5 20. Bb3 Bd3 21. Kf2 h6 22. Rd1 hxg5 23. Rxd3 gxf4 24. Bxf4 Bxe5 25. Bd2 Rd8 26. Rxd8+ Nxd8 27. Rc2 Ra6 28. c4 bxc4 29. Rxc4 Rc6 30. Ra4 a6 31. Re4 Bf6 32. Kg3 Nb7 33. h4 Nd6 34. Re2 Nb5 35. Ba4 Rc5 36. Be3 Rc3 37. h5 Nd4 38. Re1 Nc2 39. Bxc2 Rxc2 40. g5 Bc3 41. Rh1 gxh5 42. Rxh5 Bg7 43. a4 Ra2 44. Rh4 Ra3 45. Kf3 a5 46. Rc4 Rb3 47. Ke4 Rb4 48. Kd3 Rb3+ 49. Ke4 Kh7 50. Bf4 Kg6 51. Bc7 f5+ 52. gxf6 Bxf6 53. Bxa5 Ra3 54. Bc7 Ra1 55. a5 Re1+ 56. Kf3 Ra1 57. Rc6 Kf5 58. a6 e5 59. Bb8 e4+ 60. Ke2 Bg5 61. a7 Ra2+ 62. Kd1 Bf4 63. Bxf4 Kxf4 0-1

[Event "Speed Chess (Women) Q2"]
[Site "Chess.com INT"]
[Date "2020.06.19"]
[Round "7"]
[White "Sudakova, Irina"]
[Black "Mohota, Nisha"]
[Result "1/2-1/2"]
[WhiteElo "2288"]
[BlackElo "2195"]
[PlyCount "113"]
[EventDate "2020.06.19"]
[EventType "swiss (blitz)"]
[EventRounds "13"]
[EventCountry "USA"]
[SourceTitle "CBM 196 Extra"]
[Source "ChessBase"]
[SourceDate "2020.07.31"]
[SourceVersion "1"]
[SourceVersionDate "2020.07.31"]
[SourceQuality "1"]

1. e4 e5 2. Nf3 Nc6 3. Nc3 Nf6 4. g3 Bc5 5. Bg2 d6 6. 0-0 a6 7. d3 h6 8. Be3 0-0 9. h3 Be6 10. d4 exd4 11. Nxd4 Nxd4 12. Bxd4 Bxd4 13. Qxd4 Re8 14. Rad1 Qd7 15. e5 dxe5 16. Qxd7 Bxd7 17. Bxb7 Rab8 18. Bxa6 Bxh3 19. Rfe1 Rxb2 20. Bd3 Bg4 21. Rb1 Rxb1 22. Rxb1 e4 23. Be2 Bxe2 24. Nxe2 Ra8 25. Nc3 Ra7 26. a4 Kf8 27. Rb4 c5 28. Rc4 Rc7 29. Nxe4 Nxe4 30. Rxe4 c4 31. a5 f5 32. Rf4 Rc5 33. a6 Ra5 34. g4 Rxa6 35. Rxf5+ Ke7 36. Rc5 Ra4 37. Kg2 Kd6 38. Rc8 Kd5 39. Rd8+ Ke5 40. Rd7 g5 41. Rc7 Kd4 42. Rc6 Kc3 43. Rxh6 Kxc2 44. Rg6 Ra5 45. Rc6 c3 46. f4 gxf4 47. Kf3 Kd2 48. Kxf4 c2 49. g5 Ra4+ 50. Kf5 Ra5+ 51. Kf4 c1Q 52. Rxc1 Kxc1 53. g6 Ra7 54. Kf5 Kd2 55. Kf6 Ra6+ 56. Kf7 Rxg6 57. Kxg6 1/2-1/2

[Event "EU-ch Online U2300 Qual"]
[Site "Chess.com INT"]
[Date "2020.05.25"]
[Round "1"]
[White "Nemec, Jachym"]
[Black "Sudakova, Irina"]
[Result "0-1"]
[WhiteElo "2110"]
[BlackElo "2288"]
[PlyCount "92"]
[EventDate "2020.05.25"]
[EventType "swiss"]
[EventRounds "8"]
[EventCountry "NET"]
[SourceTitle "EXT 2021"]
[Source "ChessBase"]
[SourceDate "2020.10.23"]
[SourceVersion "1"]
[SourceVersionDate "2020.10.23"]
[SourceQuality "1"]

1. d4 d5 2. Nf3 e6 3. c4 c6 4. Nc3 dxc4 5. a4 Bb4 6. e3 b5 7. axb5 cxb5 8. Bd2 Bxc3 9. Bxc3 a5 10. Ne5 Nf6 11. Qf3 Ra6 12. Be2 0-0 13. 0-0 Qc7 14. Rfc1 Bb7 15. Qh3 Nbd7 16. Nxd7 Nxd7 17. Be1 Qb6 18. f3 Nf6 19. Bf2 h6 20. e4 Nd7 21. Qg3 Raa8 22. d5 Qa6 23. Rd1 exd5 24. exd5 Rfd8 25. d6 Nf8 26. Rd2 Ne6 27. Rad1 Bc6 28. f4 b4 29. h4 Be4 30. b3 Rac8 31. bxc4 a4 32. c5 Qc6 33. Bc4 b3 34. Qg4 Nxc5 35. Bd4 g6 36. Re1 Bf5 37. Qg3 Ne4 38. Rxe4 Qxe4 39. Ba6 Rc1+ 40. Kh2 Rxd6 41. Qf2 Rxa6 42. Bb2 Rc8 43. Qc5 Qxf4+ 44. Kg1 Qxd2 45. Qe5 Rc1+ 46. Kh2 Qd6 0-1

[Event "EU-ch Online U2300 Qual"]
[Site "Chess.com INT"]
[Date "2020.05.25"]
[Round "2"]
[White "Sudakova, Irina"]
[Black "Godzwon, Iwo"]
[Result "0-1"]
[WhiteElo "2288"]
[BlackElo "2347"]
[PlyCount "82"]
[EventDate "2020.05.25"]
[EventType "swiss"]
[EventRounds "8"]
[EventCountry "NET"]
[SourceTitle "EXT 2021"]
[Source "ChessBase"]
[SourceDate "2020.10.23"]
[SourceVersion "1"]
[SourceVersionDate "2020.10.23"]
[SourceQuality "1"]

1. e4 c5 2. Ne2 e6 3. g3 d5 4. Bg2 dxe4 5. Nbc3 Nf6 6. Nxe4 Nxe4 7. Bxe4 Nd7 8. 0-0 Nf6 9. Bg2 Be7 10. d4 0-0 11. dxc5 Bxc5 12. Bg5 Qe7 13. c4 h6 14. Bd2 Rd8 15. Qc2 e5 16. a3 Bf5 17. Qc1 Bd3 18. Re1 Bxf2+ 19. Kh1 Bxe1 20. Qxe1 Bxc4 21. Nc3 Nd5 22. Ne4 f5 23. Nf2 e4 24. Nd1 Rac8 25. g4 fxg4 26. Bxe4 Kh8 27. Nc3 Nxc3 28. Bxc3 Qxe4+ 29. Qxe4 Bd5 30. Re1 Bxe4+ 31. Rxe4 Rc6 32. Rxg4 Rd7 33. Re4 Rg6 34. h4 Kh7 35. Kh2 Rf7 36. a4 Rc7 37. a5 Rgc6 38. Re3 Rc4 39. Kh3 Rf7 40. Rg3 Rcf4 41. h5 Rf3 0-1

[Event "RUS-chT rapid (Women)"]
[Site "Sochi"]
[Date "2019.10.18"]
[Round "3.2"]
[White "Ovod, Evgenija"]
[Black "Sudakova, Irina"]
[Result "1-0"]
[WhiteElo "2347"]
[BlackElo "2288"]
[PlyCount "75"]
[EventDate "2019.10.18"]
[EventType "team-tourn (rapid)"]
[EventRounds "9"]
[EventCountry "RUS"]
[SourceTitle "CBM 192 Extra"]
[Source "Chessbase"]
[SourceDate "2019.11.06"]
[SourceVersion "1"]
[SourceVersionDate "2019.11.06"]
[SourceQuality "1"]
[WhiteTeam "SSOR for Chess and Drafts (W)"]
[BlackTeam "Moscow Region (W)"]
[WhiteTeamCountry "RUS"]
[BlackTeamCountry "RUS"]

1. e4 e5 2. Nf3 Nf6 3. Nxe5 d6 4. Nf3 Nxe4 5. Nc3 Nf6 6. d4 d5 7. Bd3 Be7 8. h3 c6 9. Ne2 Na6 10. c3 Nc7 11. Ne5 Ne4 12. 0-0 f6 13. Nc4 Be6 14. Ne3 Qd7 15. Qc2 f5 16. f3 Nd6 17. Nf4 Rf8 18. Nxe6 Qxe6 19. Bd2 0-0-0 20. Rae1 Bh4 21. Nxf5 Bxe1 22. Rxe1 Qf6 23. Ne7+ Kb8 24. Bxh7 Rfe8 25. Ng6 Ne6 26. Ne5 Nc4 27. Bg6 Rf8 28. Ng4 Qe7 29. Bc1 Qd6 30. b3 Nb6 31. Ne5 Qc7 32. Bf5 Rf6 33. Ng4 Qg3 34. Re5 Nd7 35. Re2 Nf4 36. Bxf4+ Qxf4 37. Bxd7 Rxd7 38. Nxf6 1-0

[Event "RUS-chT rapid (Women)"]
[Site "Sochi"]
[Date "2019.10.18"]
[Round "5.2"]
[White "Tomilova, Elena"]
[Black "Sudakova, Irina"]
[Result "1-0"]
[WhiteElo "2345"]
[BlackElo "2288"]
[PlyCount "71"]
[EventDate "2019.10.18"]
[EventType "team-tourn (rapid)"]
[EventRounds "9"]
[EventCountry "RUS"]
[SourceTitle "CBM 192 Extra"]
[Source "Chessbase"]
[SourceDate "2019.11.06"]
[SourceVersion "1"]
[SourceVersionDate "2019.11.06"]
[SourceQuality "1"]
[WhiteTeam "Cimmeria (Crimea) (W)"]
[BlackTeam "Moscow Region (W)"]
[WhiteTeamCountry "RUS"]
[BlackTeamCountry "RUS"]

1. c4 e6 2. Nf3 d5 3. b3 c5 4. g3 Nc6 5. Bg2 Nf6 6. 0-0 Be7 7. e3 dxc4 8. bxc4 Qd3 9. Qb3 Nb4 10. Nc3 0-0 11. Bb2 Rd8 12. Rfd1 Rb8 13. Ne5 Qf5 14. d4 cxd4 15. exd4 Nc2 16. Nc6 bxc6 17. Qxb8 Nxa1 18. Bxa1 Ba6 19. Qxa7 Bb4 20. Qxa6 Bxc3 21. Qxc6 Qc2 22. Rf1 Bxa1 23. Rxa1 Qb2 24. Rd1 Qxa2 25. Qc7 Rf8 26. h3 Qe2 27. Rc1 Qd2 28. Qf4 Qb2 29. d5 exd5 30. cxd5 h5 31. d6 h4 32. g4 Rd8 33. g5 Ne8 34. Rd1 Qe2 35. Bf3 Qa6 36. d7 1-0

[Event "RUS-chT (Women)"]
[Site "Sochi"]
[Date "2019.05.09"]
[Round "8.1"]
[White "Loskutova, Viktoriya"]
[Black "Sudakova, Irina"]
[Result "1/2-1/2"]
[WhiteElo "2096"]
[BlackElo "2313"]
[PlyCount "115"]
[EventDate "2019.05.01"]
[EventType "team-swiss"]
[EventRounds "9"]
[EventCountry "RUS"]
[SourceTitle "CBM 190 Extra"]
[Source "ChessBase"]
[SourceDate "2019.07.15"]
[SourceVersion "1"]
[SourceVersionDate "2019.07.15"]
[SourceQuality "1"]
[WhiteTeam "Altai Territory (W)"]
[BlackTeam "Moscow Region (W)"]
[WhiteTeamCountry "RUS"]
[BlackTeamCountry "RUS"]

1. e4 e5 2. Nf3 Nf6 3. Nxe5 d6 4. Nf3 Nxe4 5. Nc3 Nf6 6. d4 Be7 7. Bd3 0-0 8. h3 Re8 9. 0-0 b6 10. Ne4 Bb7 11. Re1 Nbd7 12. c3 Nxe4 13. Bxe4 Bxe4 14. Rxe4 d5 15. Re1 Bd6 16. Rxe8+ Qxe8 17. Qc2 Qe4 18. Qxe4 dxe4 19. Nd2 f5 20. Nc4 Be7 21. Ne3 Rf8 22. Nd5 Bd8 23. Bd2 c6 24. Nb4 c5 25. Nc6 Bf6 26. Be3 a6 27. dxc5 Nxc5 28. Bxc5 bxc5 29. Rd1 Re8 30. Na5 e3 31. fxe3 Rxe3 32. Rd5 f4 33. Nc4 Re2 34. Kf1 Re4 35. Nd2 Re5 36. Rxe5 Bxe5 37. Ke2 Kf7 38. Ne4 c4 39. Nd2 Ke6 40. Nxc4 Bc7 41. Nd2 Kf5 42. a4 g5 43. b4 h5 44. c4 g4 45. hxg4+ hxg4 46. Nb3 Ke5 47. a5 Bd8 48. Nc5 Kd4 49. Ne6+ Kxc4 50. Nxd8 f3+ 51. gxf3 gxf3+ 52. Kxf3 Kxb4 53. Nb7 Kb5 54. Ke4 Kc6 55. Nd8+ Kb5 56. Ne6 Kxa5 57. Nc7 Kb6 58. Nxa6 1/2-1/2

[Event "RUS-chT (Women)"]
[Site "Sochi"]
[Date "2019.05.04"]
[Round "4.1"]
[White "Kosteniuk, Alexandra"]
[Black "Sudakova, Irina"]
[Result "0-1"]
[WhiteElo "2546"]
[BlackElo "2313"]
[PlyCount "92"]
[EventDate "2019.05.01"]
[EventType "team-swiss"]
[EventRounds "9"]
[EventCountry "RUS"]
[SourceTitle "CBM 190 Extra"]
[Source "ChessBase"]
[SourceDate "2019.07.15"]
[SourceVersion "1"]
[SourceVersionDate "2019.07.15"]
[SourceQuality "1"]
[WhiteTeam "Moscow Legacy Square (W)"]
[BlackTeam "Moscow Region (W)"]
[WhiteTeamCountry "RUS"]
[BlackTeamCountry "RUS"]

1. e4 e5 2. Nf3 Nf6 3. d4 exd4 4. e5 Ne4 5. Qxd4 d5 6. exd6 Nxd6 7. Bg5 Nc6 8. Qc3 f6 9. Be3 Be6 10. Bd3 Qd7 11. 0-0 Nf5 12. Bc5 Bxc5 13. Qxc5 Qe7 14. Qb5 Nd6 15. Qh5+ Qf7 16. Qc5 0-0-0 17. Nbd2 g5 18. Rfe1 h5 19. b4 Kb8 20. b5 Na5 21. Nd4 Bc8 22. Qc3 Qd5 23. N4b3 Nxb3 24. axb3 Nxb5 25. Qxf6 Rhf8 26. Qe5 Nd4 27. Qe3 a6 28. Ne4 g4 29. b4 h4 30. Ra5 Qg8 31. Rg5 Qh8 32. b5 h3 33. c3 Nf3+ 34. gxf3 Rxf3 35. Qe2 Rfxd3 36. bxa6 b6 37. Rb1 Bxa6 38. Qxg4 Bb7 39. Re1 Re8 40. f3 Rxc3 41. Rd1 Bc8 42. Qf4 Rf8 43. Qd2 Rcxf3 44. Rg3 Rxg3+ 45. hxg3 Bb7 46. Ng5 h2+ 0-1

[Event "Wch Blitz (Women)"]
[Site "St Petersburg"]
[Date "2018.12.29"]
[Round "4"]
[White "Abdumalik, Zhansaya"]
[Black "Sudakova, Irina"]
[Result "1-0"]
[WhiteElo "2470"]
[BlackElo "2313"]
[PlyCount "81"]
[EventDate "2018.12.29"]
[EventType "swiss (blitz)"]
[EventRounds "17"]
[EventCountry "RUS"]
[SourceTitle "CBM 187 Extra"]
[Source "ChessBase"]
[SourceDate "2018.11.04"]
[SourceVersion "1"]
[SourceVersionDate "2018.11.04"]
[SourceQuality "1"]

1. e4 c5 2. Nf3 d6 3. d4 Nf6 4. Nc3 cxd4 5. Nxd4 Nc6 6. Bg5 e6 7. Qd2 a6 8. 0-0-0 Bd7 9. f3 Rc8 10. Kb1 Ne5 11. h4 b5 12. Bd3 h6 13. Be3 Nc4 14. Bxc4 bxc4 15. g4 Qa5 16. Nde2 Rb8 17. Qd4 Qa3 18. Bc1 Qc5 19. Qxc5 dxc5 20. Ng3 Bc6 21. g5 Nd7 22. Bf4 Rb7 23. Rdg1 hxg5 24. hxg5 Rxh1 25. Rxh1 g6 26. Rh7 Be7 27. Nf1 e5 28. Be3 Nf8 29. Rh8 Kd7 30. Nd2 Bb5 31. a4 Bc6 32. Nxc4 Ne6 33. Nxe5+ Kc7 34. Nxf7 Nd4 35. a5 Nxf3 36. Bf4+ Kd7 37. Rh3 Nd4 38. Ne5+ Kd6 39. Nxg6+ Ke6 40. Rh6 Kd7 41. Ne5+ 1-0

[Event "Wch Blitz (Women)"]
[Site "St Petersburg"]
[Date "2018.12.29"]
[Round "6"]
[White "Garcia Martin, Marta"]
[Black "Sudakova, Irina"]
[Result "1-0"]
[WhiteElo "2301"]
[BlackElo "2313"]
[PlyCount "131"]
[EventDate "2018.12.29"]
[EventType "swiss (blitz)"]
[EventRounds "17"]
[EventCountry "RUS"]
[SourceTitle "CBM 187 Extra"]
[Source "ChessBase"]
[SourceDate "2018.11.04"]
[SourceVersion "1"]
[SourceVersionDate "2018.11.04"]
[SourceQuality "1"]

1. e4 c5 2. Nf3 d6 3. d4 Nf6 4. Nc3 cxd4 5. Nxd4 Nc6 6. Bg5 e6 7. Qd2 a6 8. Nxc6 bxc6 9. Bc4 d5 10. Bb3 Be7 11. 0-0-0 h6 12. Bf4 0-0 13. Kb1 a5 14. Ba4 Qb6 15. Rhe1 Bb4 16. f3 c5 17. exd5 exd5 18. Nxd5 Nxd5 19. Qxd5 Bb7 20. Qd6 Qxd6 21. Bxd6 Rfd8 22. Rg1 c4 23. Bxb4 axb4 24. Bb5 c3 25. Bc4 Rac8 26. Bb3 Ba6 27. Kc1 Be2 28. Rxd8+ Rxd8 29. a3 bxa3 30. bxc3 Rc8 31. Kd2 Bc4 32. Ra1 Rd8+ 33. Ke3 Bb5 34. Rxa3 Re8+ 35. Kf2 Re2+ 36. Kg3 Rd2 37. c4 Bc6 38. Ra6 Bd7 39. c5 Bb5 40. Ra7 Bf1 41. Bxf7+ Kh7 42. Kf4 Rxc2 43. Be6 Rxc5 44. Bf5+ Kg8 45. g4 Rc6 46. Ra8+ Kf7 47. Ra7+ Kf6 48. h4 g5+ 49. hxg5+ hxg5+ 50. Ke3 Rc3+ 51. Kf2 Bc4 52. Rc7 Ke5 53. Kg3 Kd4 54. Be4 Be2 55. Rg7 Bd3 56. Bxd3 Kxd3 57. Rxg5 Ke2 58. Rf5 Rc1 59. g5 Rg1+ 60. Kf4 Kf2 61. Ke5 Ke3 62. Kf6 Ra1 63. g6 Ra6+ 64. Kg5 Ra1 65. g7 Rg1+ 66. Kf6 1-0

[Event "Wch Blitz (Women)"]
[Site "St Petersburg"]
[Date "2018.12.29"]
[Round "5"]
[White "Sudakova, Irina"]
[Black "Galliamova, Alisa"]
[Result "0-1"]
[WhiteElo "2313"]
[BlackElo "2444"]
[PlyCount "74"]
[EventDate "2018.12.29"]
[EventType "swiss (blitz)"]
[EventRounds "17"]
[EventCountry "RUS"]
[SourceTitle "CBM 187 Extra"]
[Source "ChessBase"]
[SourceDate "2018.11.04"]
[SourceVersion "1"]
[SourceVersionDate "2018.11.04"]
[SourceQuality "1"]

1. e4 e5 2. Nf3 Nc6 3. Nc3 Nf6 4. g3 Bc5 5. Bg2 d6 6. 0-0 a6 7. d3 h6 8. Be3 0-0 9. h3 Be6 10. d4 exd4 11. Nxd4 Nxd4 12. Bxd4 Nd7 13. Kh2 Bxd4 14. Qxd4 Qf6 15. Qb4 Rab8 16. Nd5 Bxd5 17. exd5 Nc5 18. Rae1 Rfe8 19. b3 Qb2 20. Rxe8+ Rxe8 21. Re1 Rxe1 22. Qxe1 Kf8 23. b4 Nd7 24. Qe4 Qxa2 25. Qh7 Qb2 26. Qf5 Ke7 27. Qe4+ Qe5 28. Qc4 Kd8 29. f4 Qe3 30. b5 a5 31. Qa4 b6 32. Qa1 f6 33. Qd1 a4 34. Qa1 a3 35. c4 Nc5 36. Qd1 a2 37. Qa1 Qb3 0-1

[Event "Wch Blitz (Women)"]
[Site "St Petersburg"]
[Date "2018.12.29"]
[Round "7"]
[White "Sudakova, Irina"]
[Black "Goltseva, Ekaterina"]
[Result "0-1"]
[WhiteElo "2313"]
[BlackElo "2153"]
[PlyCount "146"]
[EventDate "2018.12.29"]
[EventType "swiss (blitz)"]
[EventRounds "17"]
[EventCountry "RUS"]
[SourceTitle "CBM 187 Extra"]
[Source "ChessBase"]
[SourceDate "2018.11.04"]
[SourceVersion "1"]
[SourceVersionDate "2018.11.04"]
[SourceQuality "1"]

1. e4 e5 2. Nf3 Nc6 3. Nc3 Nf6 4. g3 d5 5. exd5 Nxd5 6. Bg2 Nxc3 7. bxc3 Be7 8. 0-0 0-0 9. Re1 Bf6 10. Rb1 Rb8 11. h3 Be6 12. a4 Qd7 13. Kh2 Rfe8 14. d3 b6 15. Ng5 Bxg5 16. Bxg5 Bd5 17. Bf1 f6 18. Be3 Na5 19. c4 Ba8 20. Bg2 Bxg2 21. Kxg2 Qxa4 22. Rb5 a6 23. Rb1 Qd7 24. Qf3 Nc6 25. c5 b5 26. Ra1 a5 27. h4 a4 28. h5 Ne7 29. h6 Qd5 30. hxg7 Kxg7 31. Rh1 Qxf3+ 32. Kxf3 c6 33. c4 bxc4 34. dxc4 Rb4 35. Rhc1 Ra8 36. Ra3 Nf5 37. Ke4 Nxe3 38. Kxe3 Ra5 39. Rca1 Rxc4 40. f4 exf4+ 41. gxf4 f5 42. Rg1+ Kf7 43. Rh1 Kg6 44. Rg1+ Kf6 45. Rga1 Raxc5 46. Rxa4 Rxa4 47. Rxa4 Rc3+ 48. Kf2 h5 49. Ra8 h4 50. Rf8+ Ke6 51. Re8+ Kd6 52. Rf8 Ke6 53. Re8+ Kf7 54. Re5 Kf6 55. Re8 c5 56. Rf8+ Ke6 57. Re8+ Kf7 58. Rh8 h3 59. Kg1 Rf3 60. Rc8 Rc3 61. Kh2 Ke7 62. Rc7+ Kd6 63. Rf7 Ke6 64. Rc7 Kd5 65. Re7 Kd4 66. Re5 Rf3 67. Rxf5 c4 68. Rf8 c3 69. Rd8+ Ke3 70. f5 c2 71. Rc8 Kd2 72. f6 c1Q 73. Rxc1 Kxc1 0-1